Brassens - Supplique pour être enterré sur la plage de Sète - Statistiques

Statistiques générales
  • Ce quiz a été pris 159 fois
  • Le résultat moyen est 380 sur 500
Statistiques - réponses
Réponse % Correct
à
99%
A
99%
se
99%
de
97%
De
97%
La
97%
la
97%
97%
le
97%
Le
97%
les
97%
Les
97%
m'a
97%
ma
97%
Me
97%
me
97%
ne
96%
Ne
96%
du
95%
en
95%
par
95%
pardon
95%
pardonné
95%
pardonne
95%
qui
95%
Qui
95%
un
95%
jamais
94%
mon
92%
Mon
92%
son
92%
dans
91%
Dans
91%
d'un
91%
Que
91%
que
91%
trou
91%
au
90%
ce
90%
D'avoir
90%
Et
90%
et
90%
nez
90%
plus
90%
Pour
90%
Camarde
89%
des
89%
imbécile
89%
je
89%
Je
89%
ô
89%
bon
87%
sa
87%
peu
86%
plage
86%
pas
85%
Sète
85%
ta
85%
testament
85%
bleu
84%
est
84%
petit
84%
pin
84%
Pin
84%
si
84%
Si
84%
sur
84%
Sur
84%
trous
84%
zèle
84%
corps
82%
J'ai
82%
jour
82%
jour,
82%
lui
82%
poursuit
82%
seul
82%
aux
81%
gare
81%
il
81%
Il
81%
payer
81%
rupture
81%
Terminus
81%
tout
81%
ces
80%
d'accord
80%
point
80%
sorte
80%
Une
80%
une
80%
âme
78%
belle
78%
donc
78%
enterrements
78%
faire
78%
jeunes
78%
Place
78%
quelque
78%
sable
78%
seront
78%
soit
78%
Trempe
78%
trempe
78%
c'est
77%
C'est
77%
comme
77%
cru
77%
d'ici
77%
oeuf
77%
Paris-Méditerranée
77%
peux
77%
plein
77%
près
77%
Quand
77%
quand
77%
remettre
77%
Vers
77%
vers
77%
Dire
76%
écriture
76%
Lorsque
76%
n'en
76%
n'est
76%
neuf
76%
76%
76%
qu'il
76%
semé
76%
sleeping
76%
Vulgairement
76%
braves
75%
caveau
75%
codicille
75%
corniche
75%
famille
75%
fleurs
75%
gens
75%
parlant
75%
plume
75%
poussez-vous
75%
quelqu'un
75%
tabellion
75%
Alors
73%
bord
73%
cerné
73%
hélas
73%
l'encre
73%
maitre
73%
parasol
73%
prend
73%
sérieux
73%
trop
73%
vin
73%
amourette
72%
Golfe
72%
marin
72%
moments
72%
pastis
72%
peut
72%
préférence
72%
suis
72%
capitaine
71%
cimetière
71%
d'abord
71%
Lion
71%
même
71%
Neptune
71%
prime
71%
s'amuser
71%
Sauve
71%
sien
71%
suffit
71%
vieu
71%
amis
70%
celle
70%
connus
70%
deux
70%
Gavroche
70%
l'âge
70%
moelleux
70%
ramené
70%
tard
70%
ans
68%
bleus
68%
déplaise
68%
faudrait
68%
fin
68%
flots
68%
natal
68%
petite
68%
révolus
68%
sol
68%
bateau
67%
château
67%
crie
67%
fait
67%
Note
67%
riisque
67%
aura
66%
autochtones
66%
courage
66%
croix
66%
furieux
66%
grisettes
66%
l'horizon
66%
naufrage
66%
première
66%
quinze
66%
Chacun
65%
niche
65%
advînt
63%
arête
63%
Creusez
63%
espèce
63%
mer
63%
mes
63%
Mimi Pinson
63%
s'en
63%
ses
63%
vol
63%
vous
63%
chouette
62%
femme-poisson
62%
leçon
62%
miens
62%
Moi
62%
possible
62%
pris
62%
titis
62%
avance
61%
bonne
61%
cette
61%
Cette
61%
demande
61%
enfants
61%
jadis
61%
Jésus
61%
l'amour
61%
l'ombre
61%
mieux
61%
Paul Valéry
61%
Plantez
61%
renchéris
61%
sirène
61%
ombre
59%
paravent
59%
prie
59%
valent
59%
Celles
58%
concession
58%
l'eau
58%
lopin
58%
dauphins
57%
Diront
57%
envers
57%
petits
57%
révérences
57%
serviront
57%
d'enfance
56%
reçus
56%
ciel
54%
long
54%
Mais
54%
tableau
54%
venus
54%
bonbonne
53%
d'une
53%
tombe
53%
contre
52%
D'affectueuses
52%
gardée
52%
l'insolation
52%
Auprès
51%
bons
51%
charme
51%
entre
51%
indéfinissable
51%
baigneuses
49%
prémunir
49%
saura
49%
triste
49%
changer
47%
grève
47%
J'en
47%
l'humble
47%
troubadour
47%
Déférence
46%
sandwich
44%
tenue
44%
Avalai
43%
moins
43%
donnera
42%
demander
39%
ondine
39%
viendra
39%
Avec
38%
Juste
38%
Mistral
37%
Tramontane
37%
fandango
35%
sommeil
35%
Tous
35%
sardane
33%
costume
32%
prenant
32%
dernier
30%
échos
30%
Est-ce
30%
guise
30%
penche
30%
qu'au
30%
rien
30%
sommeiller
30%
d'oreiller
29%
jolies
28%
musiques
28%
villanelle
28%
chargés
27%
d'Italie
27%
gentiment
27%
Tantôt
27%
tantôt
27%
tarentelle
27%
venant
27%
bute
25%
d'Espagne
24%
verseront
24%
parfums
23%
Aucun quiz correspondant
Distribution des résultats
% des personnes avec chaque résultat
Percentile par nombre de réponses
Votre historique - résultats
Vous n’avez pas pris ce quiz